<?xml version="1.0" encoding="UTF-8"?>
<record
    xmlns:xsi="http://www.w3.org/2001/XMLSchema-instance"
    xsi:schemaLocation="http://www.loc.gov/MARC21/slim http://www.loc.gov/standards/marcxml/schema/MARC21slim.xsd"
    xmlns="http://www.loc.gov/MARC21/slim">

  <leader>01396nam0a2200349   4500</leader>
  <controlfield tag="001">RU\NLR\bibl\53710</controlfield>
  <controlfield tag="005">20260406071119.0</controlfield>
  <datafield tag="010" ind1=" " ind2=" ">
    <subfield code="a">5-300-02157-1</subfield>
  </datafield>
  <datafield tag="021" ind1=" " ind2=" ">
    <subfield code="a">RU</subfield>
    <subfield code="b">99-29148</subfield>
    <subfield code="9">1419</subfield>
  </datafield>
  <datafield tag="035" ind1=" " ind2=" ">
    <subfield code="a">(NLR Aleph) 000052408</subfield>
  </datafield>
  <datafield tag="090" ind1=" " ind2=" ">
    <subfield code="a">281492</subfield>
    <subfield code="c">281492</subfield>
  </datafield>
  <datafield tag="100" ind1=" " ind2=" ">
    <subfield code="a">19991019d1999    |||y0rusy50      ca</subfield>
  </datafield>
  <datafield tag="101" ind1="1" ind2=" ">
    <subfield code="a">rus</subfield>
    <subfield code="c">eng</subfield>
  </datafield>
  <datafield tag="102" ind1=" " ind2=" ">
    <subfield code="a">RU</subfield>
  </datafield>
  <datafield tag="105" ind1=" " ind2=" ">
    <subfield code="a">y   |||||||||</subfield>
  </datafield>
  <datafield tag="200" ind1="1" ind2=" ">
    <subfield code="a">&#x422;&#x43E;&#x440;&#x43A;&#x432;&#x435;&#x43C;&#x430;&#x434;&#x430; &#x438; &#x438;&#x441;&#x43F;&#x430;&#x43D;&#x441;&#x43A;&#x430;&#x44F; &#x438;&#x43D;&#x43A;&#x432;&#x438;&#x437;&#x438;&#x446;&#x438;&#x44F;</subfield>
    <subfield code="f">&#x420;&#x430;&#x444;&#x430;&#x44D;&#x43B;&#x44C; &#x421;&#x430;&#x431;&#x430;&#x442;&#x438;&#x43D;&#x438;</subfield>
    <subfield code="g">[&#x41F;&#x435;&#x440;. &#x441; &#x430;&#x43D;&#x433;&#x43B;. &#x41F;. &#x41F;&#x430;&#x432;&#x43B;&#x435;&#x43D;&#x43A;&#x43E;]</subfield>
  </datafield>
  <datafield tag="210" ind1=" " ind2=" ">
    <subfield code="a">&#x41C;.</subfield>
    <subfield code="c">&#x422;&#x415;&#x420;&#x420;&#x410;-&#x41A;&#x43D;. &#x43A;&#x43B;&#x443;&#x431;</subfield>
    <subfield code="d">1999</subfield>
  </datafield>
  <datafield tag="215" ind1=" " ind2=" ">
    <subfield code="a">317, [2] &#x441;.</subfield>
    <subfield code="d">20</subfield>
  </datafield>
  <datafield tag="225" ind1="1" ind2=" ">
    <subfield code="a">&#x421;&#x43E;&#x43D; &#x440;&#x430;&#x437;&#x443;&#x43C;&#x430; &#x440;&#x43E;&#x436;&#x434;&#x430;&#x435;&#x442; &#x447;&#x443;&#x434;&#x43E;&#x432;&#x438;&#x449;</subfield>
  </datafield>
  <datafield tag="300" ind1=" " ind2=" ">
    <subfield code="a">&#x417;&#x430;&#x433;&#x43B;. &#x43E;&#x431;&#x43B;. &#x438; &#x441;&#x443;&#x43F;&#x435;&#x440;&#x43E;&#x431;&#x43B;.: &#x422;&#x43E;&#x440;&#x43A;&#x432;&#x435;&#x43C;&#x430;&#x434;&#x430;</subfield>
  </datafield>
  <datafield tag="600" ind1=" " ind2="1">
    <subfield code="a">&#x422;&#x43E;&#x440;&#x43A;&#x432;&#x435;&#x43C;&#x430;&#x434;&#x430;</subfield>
    <subfield code="b">&#x422;.</subfield>
    <subfield code="f">1420 - 1498</subfield>
    <subfield code="g">&#x422;&#x43E;&#x43C;&#x430;&#x441;</subfield>
    <subfield code="9">1848400</subfield>
    <subfield code="3">RU\NLR\auth\66837365</subfield>
  </datafield>
  <datafield tag="606" ind1="0" ind2=" ">
    <subfield code="a">&#x418;&#x43D;&#x43A;&#x432;&#x438;&#x437;&#x438;&#x446;&#x438;&#x44F;</subfield>
    <subfield code="x">&#x418;&#x441;&#x442;&#x43E;&#x440;&#x438;&#x44F;</subfield>
    <subfield code="y">&#x418;&#x441;&#x43F;&#x430;&#x43D;&#x438;&#x44F;</subfield>
    <subfield code="9">1848398</subfield>
    <subfield code="3">RU\NLR\auth\66837364</subfield>
  </datafield>
  <datafield tag="686" ind1=" " ind2=" ">
    <subfield code="a">&#x422;3(4&#x418;&#x441;)42-8</subfield>
  </datafield>
  <datafield tag="686" ind1=" " ind2=" ">
    <subfield code="a">&#x422;3(4&#x418;&#x441;)42-522</subfield>
  </datafield>
  <datafield tag="700" ind1=" " ind2="1">
    <subfield code="4">070</subfield>
    <subfield code="8">rus</subfield>
    <subfield code="7">ca</subfield>
    <subfield code="a">&#x421;&#x430;&#x431;&#x430;&#x442;&#x438;&#x43D;&#x438;</subfield>
    <subfield code="b">&#x420;.</subfield>
    <subfield code="g">&#x420;&#x430;&#x444;&#x430;&#x44D;&#x43B;&#x44C;</subfield>
    <subfield code="f">1875-1950</subfield>
    <subfield code="3">RU\NLR\auth\7727484</subfield>
    <subfield code="9">10516</subfield>
  </datafield>
  <datafield tag="702" ind1=" " ind2="1">
    <subfield code="4">570</subfield>
    <subfield code="8">rus</subfield>
    <subfield code="7">ca</subfield>
    <subfield code="a">&#x422;&#x43E;&#x440;&#x43A;&#x432;&#x435;&#x43C;&#x430;&#x434;&#x430;</subfield>
    <subfield code="b">&#x422;.</subfield>
    <subfield code="f">&#x43E;&#x43A;.1420-1498</subfield>
    <subfield code="g">&#x422;&#x43E;&#x43C;&#x430;&#x441;</subfield>
    <subfield code="3">RU\NLR\auth\779165</subfield>
    <subfield code="9">119023</subfield>
  </datafield>
  <datafield tag="801" ind1=" " ind2="0">
    <subfield code="a">RU</subfield>
    <subfield code="b">NLR</subfield>
    <subfield code="c">19991019</subfield>
    <subfield code="g">PSBO</subfield>
  </datafield>
  <datafield tag="801" ind1=" " ind2="1">
    <subfield code="a">RU</subfield>
    <subfield code="b">NLR</subfield>
    <subfield code="c">19991019</subfield>
  </datafield>
  <datafield tag="852" ind1=" " ind2=" ">
    <subfield code="a">NLR</subfield>
    <subfield code="j">99-3/12771</subfield>
  </datafield>
  <datafield tag="942" ind1=" " ind2=" ">
    <subfield code="c">BOOK</subfield>
  </datafield>
  <datafield tag="980" ind1=" " ind2=" ">
    <subfield code="a">NB</subfield>
  </datafield>
  <datafield tag="995" ind1=" " ind2=" ">
    <subfield code="5">2013-10-26</subfield>
    <subfield code="b">NLR01</subfield>
    <subfield code="c">NLR01</subfield>
    <subfield code="e">RF8</subfield>
    <subfield code="f">52408-10</subfield>
    <subfield code="k">99-3/12771</subfield>
    <subfield code="o">0</subfield>
    <subfield code="r">BOOK</subfield>
    <subfield code="s">99312771_</subfield>
  </datafield>
</record>
